00866nam a22002537a 450000500170000001000120001702000190002903500120004803700160006004000120007608200130008810000300010124500940013124600060022526000560023127000590028730000280034665000230037465000300039770000250042794200220045299900190047495201190049320170124105947.0 aB-91860 c00a8122414311 aB-91860 bCen Lib/Ret aDPLbEN a330bMUK aMukherjee, Sampat9108246 aEconomics for C.A. professional education cource-1 /cby Sampat Mukherjee, Amitava Ghose  b  bNew Age International Publishers c2002aNew Delhi  bNew Delhi a4835/24, ansari road, dariya ganj e110002 a542p. ;c23cm(Hb)bill. aEconomics 9108247 aBasic principles 9108248 aGhose, Amitava97339 2ddccENh330mMUK c125021d125021 00104070aLbLd2015-06-19eCen Lib/Retg0.00l0o330 MUKpB-91860r2015-06-19 00:00:00t1v0.00w2015-06-19yEN